000 00384cam a22001217a 4500
008 180718b1965 xxu||||| |||| 00| 0 eng d
082 _aA81x54 In2/61/Vol 13/Pt 7-B
100 _aCensus of India 1961
245 _aPunjab: fairs and festivals
260 _aDelhi
_bThe Manager of Publications
_c1965
300 _a740+p.
440 _aCensus of India 1961. Volume XIII, Punjab. Part VII-B
999 _c484436
_d484436